Muhammad(മുഹമ്മദ്) (Record no. 114653)

MARC details
000 -LEADER
fixed length control field 00491 a2200181 4500
005 - DATE AND TIME OF LATEST TRANSACTION
control field 20251018123812.0
008 - FIXED-LENGTH DATA ELEMENTS--GENERAL INFORMATION
fixed length control field 250527b |||||||| |||| 00| 0 eng d
020 ## - INTERNATIONAL STANDARD BOOK NUMBER
International Standard Book Number 9789391600112
080 ## - UNIVERSAL DECIMAL CLASSIFICATION NUMBER
Universal Decimal Classification number 92(MUH)=M
Item number LIN/M
100 ## - MAIN ENTRY--PERSONAL NAME
Personal name Lings, Martin
245 ## - TITLE STATEMENT
Title Muhammad(മുഹമ്മദ്)
260 ## - PUBLICATION, DISTRIBUTION, ETC. (IMPRINT)
Name of publisher, distributor, etc Other books
Place of publication, distribution, etc Calicut
Date of publication, distribution, etc 2023
300 ## - PHYSICAL DESCRIPTION
Extent 583p.
653 ## - INDEX TERM--UNCONTROLLED
Uncontrolled term Biography - Malayalam Translations
653 ## - INDEX TERM--UNCONTROLLED
Uncontrolled term Biography - Prophet
700 ## - ADDED ENTRY--PERSONAL NAME
Personal name K. T. Soopy; tr.by
942 ## - ADDED ENTRY ELEMENTS (KOHA)
item type Books
Holdings
Lost status Source of classification or shelving scheme Not for loan Home library Current library Date acquired Cost, normal purchase price Total Checkouts Total Renewals Full call number Barcode Date last seen Date checked out Cost, replacement price Price effective from Koha item type
  Universal Decimal Classification   University Library University Library 11/03/2025 426.69 1 1 92(MUH)=M LIN/M 00097013 12/12/2025 11/11/2025 640.00 11/03/2025 Books
University Library, CUSAT